Eternal Towers of Hell Challenging Towers - Statistics

General Stats
  • This quiz has been taken 11 times
    10 since last reset
  • The average score is 26 of 66
Answer Stats
Hint Answer % Correct
Ring 1 Tower of Screen Punching
100%
Forgotten Ridge Steeple of Climbing
80%
Silent Abyss Steeple of Xenial Abyss
80%
Ring 4 Tower of Dust and Decay
80%
Ring 1 Tower of Rage
80%
Silent Abyss Tower of There Is No Tower
80%
Forgotten Ridge Tower of Triangular Covering
80%
Paradise Atoll Steeple of Cliffside Falls
60%
Garden of Eeshöl Steeple of Flourishing Wastelands
60%
Zone 1 Tower of Absolute Vexation
60%
Ring 3 Tower of Despair
60%
Ring 5 Tower of Downward Mobility
60%
Paradise Atoll Tower of Traversing The Tropics
60%
Ashen Towerworks Tower of Wanting More Time
60%
Garden of Eeshöl Not Even A Flower
40%
Arcane Area Steeple of Crystal Ascension
40%
Silent Abyss Steeple of Guiding Lights
40%
Paradise Atoll Steeple of Hallucinatory Spectacles
40%
The Starlit Archives Steeple of Two Minute Noodles
40%
Paradise Atoll Steeple of Upright Cliffs
40%
Arcane Area Steeple of Witch Calamity
40%
Ring 8 Tower of Aamos' Anger
40%
Zone 6 Tower of Angled Scenery
40%
Zone 9 Tower of Bonus Level
40%
Zone 6 Tower of Break It, Buy It
40%
Paradise Atoll Tower of Cyclonic Isles
40%
Ring 2 Tower of Deep Darkness
40%
Ring 7 Tower of Distorted Aerodynamics
40%
Lost River Tower of Diverging Layers
40%
Zone 9 Tower of Dusk To Dawn
40%
Ring 2 Tower of Falling and Failing
40%
Ring 7 Tower of Feeling Lazy
40%
Zone 7 Tower of Growing Madness
40%
Zone 10 Tower of Interstellar Terrarium
40%
Ring 5 Tower of Obvious Chaos
40%
Zone 4 Tower of Pure Chroma
40%
Ring 2 Tower of Shattered Dreams
40%
Zone 2 Tower of Slipping and Sliding
40%
Zone 5 Tower of Stairs To Spare
40%
Ring 2 Tower of Traps
40%
Ring 8 Tower of Vibrant Adventures
40%
Zone 1 Tower of Wanting Extra Levels
40%
Zone 7 Tower of White Space
40%
Ring 4 Will Be A Tower
40%
Zone 1 Somewhat A Tower
20%
The Starlit Archives Steeple of After-Life Detention
20%
The Starlit Archives Steeple of Balloon Commune
20%
Silent Abyss Steeple of Descension
20%
Paradise Atoll Steeple of Desolate Isles
20%
The Starlit Archives Steeple of The Manufactured Monstrosity
20%
Zone 10 Tower of Clandestine Zones
20%
Ring 7 Tower of Collective Collaboration
20%
Zone 6 Tower of Conflicting Frontiers
20%
Zone 7 Tower of Cylindrical Extensions
20%
Zone 8 Tower of Flame Restoration
20%
Zone 6 Tower of Hefty Magnitude
20%
Zone 9 Tower of Latest Sensation
20%
Zone 3 Tower of Menacing Creations
20%
Lost River Tower of Odd Odyssey
20%
Zone 2 Tower of Pleasant Fantasies
20%
Zone 10 Tower of Resonant Landscapes
20%
Ring 6 Tower of Twisted Inquisition
20%
Zone 5 Tower of Unhealthy Escalation
20%
Zone 10 Tower of Valiant Verges
20%
Ring 8 Tower of Voluminous Framework
20%
Zone 8 Tower of Galactic Voyages
0%
No matching quizzes found
Score Distribution
Percent of People with Each Score
Percentile by Number Answered
Your Score History
You have not taken this quiz since the last reset